000 00870nas a22002297a 4500
005 20260520171318.0
008 260520b20002013pormr|p|||||| 00| z por||
040 _cBR-ViAPE
245 _aSéculo
260 _aVitória
_bM4 - Jornalismo, Fotografia e Fotojornalismo Ltda
_c2000-2013
300 _av.
_bil.
310 _aMensal
362 _aAno 1, n. 1 (mar. 2000) - Edição Comemorativa (dez. 2013).
500 _aDisponibilizada apenas a imagem da capa na versão digital, em virtude de restrições de direitos autorais.
500 _aColeção incompleta: disponíveis apenas alguns números do periódico.
650 _aHistória
_xMeio Ambiente
_xDireito
651 _aEspírito Santo (Brasil)
_vPeriódicos
700 _aMedeiros, Rogério
_eDiretor
710 _aM4 - Jornalismo, Fotografia e Fotojornalismo Ltda
942 _2ddc
_cPER
_n1
999 _c700
_d700